| 000 | 00855nam a22002297a 4500 | ||
|---|---|---|---|
| 999 |
_c953 _d953 |
||
| 003 | AR-CdUCM | ||
| 008 | 190226b ||||| |||| 00| 0 spa d | ||
| 040 |
_aMUNICIPALIDAD PROVINCIAL DEL CUSCO _cBIBLIOTECA MUNICIPAL DEL CUSCO |
||
| 041 | _h-iri | ||
| 082 |
_a320.1 / _bV48 |
||
| 100 |
_aVereker, Charles _93699 |
||
| 245 |
_aEl desarrollo de la teoría política / _cVereker, Charles ; Miguez, Néstor (traductor) |
||
| 260 |
_aBuenos Aires - Argentina : _bEd. Universitaria de Buenos Aires, _c1961. |
||
| 300 |
_a351 páginas ; _c18 cm. |
||
| 505 | _aLa justicia -- la paz y el orden -- los derechos -- la felicidad -- el progreso -- la libertad | ||
| 650 |
_aCiencia política. _91775 |
||
| 650 |
_aFilosofía. _9395 |
||
| 650 |
_aIrlanda. _93700 |
||
| 700 |
_aMiguez, Néstor (traductor) _93701 |
||
| 942 |
_2ddc _cLIBROS |
||
| 945 |
_aachl _d2019-02-26 |
||